| 000 | 00384 a2200133 4500 | ||
|---|---|---|---|
| 020 | _a9695161286 | ||
| 040 |
_aDLC _bDLC |
||
| 100 | _aDr. Musharraf Ahmad | ||
| 245 |
_aPrem chand kay muntakhib afsanay Vol. 2 _cDr. Musharraf Ahmad _h(urdu) |
||
| 260 |
_aIslamabad: _bAlhamra Publishing, _c2004. |
||
| 300 |
_a786 p. ; _c24 cm. |
||
| 650 | _aUrdu literature | ||
| 942 |
_cBK _k891.4393 MUS _2ddc |
||
| 999 |
_c9871 _d9871 |
||